| 000 | 01881cam a22004337a 4500 | ||
|---|---|---|---|
| 003 | CHAP | ||
| 005 | 20220329142036.0 | ||
| 008 | 990413d1999 mx rs o00110 spa d | ||
| 010 | _a77476 | ||
| 011 | _a78448 | ||
| 020 | _a9701316762 | ||
| 035 | _a88379 | ||
| 040 | _cCHAP | ||
| 082 | 0 | 4 |
_a634.83 _bI5 Col. |
| 110 | 2 |
_aInstituto Nacional de Estadística, Geografía e Informática. México _959304 |
|
| 245 | 1 | 3 |
_aLa fruticultura en el estado de : _bColima _c/por Instituto Nacional de Estadística, Geografía e Informática |
| 260 |
_aAguascalientes, Ags. : _bInstituto Nacional de Estadística, Geografía e Informática, _c1997. |
||
| 300 |
_a89 p. : _bgráfs. ; cuadros |
||
| 590 |
_aBATCH-UPD _b10 _c20130110 _lUCH01 _h0400 |
||
| 590 |
_aBATCH-UPD _b10 _c20130110 _lUCH01 _h2316 |
||
| 590 |
_aBATCH-UPD _b10 _c20130410 _lUCH01 _h0033 |
||
| 590 |
_aBATCH-UPD _b10 _c20130410 _lUCH01 _h1607 |
||
| 590 |
_aBATCH-UPD _b10 _c20130914 _lUCH01 _h0955 |
||
| 590 |
_aCONVERSION _b10 _c20130109 _lUCH01 _h1343 |
||
| 650 | 1 | 4 |
_aAgricultura _xEstadisticas _zColima. _91450 |
| 650 | 1 | 4 |
_aCoco _xEstadísticas _zColima. _924243 |
| 650 | 1 | 4 |
_aFruticultura _xEstadísticas _zColima. _943721 |
| 650 | 1 | 4 |
_aLimón _xEstadísticas _zColima. _966828 |
| 650 | 1 | 4 |
_aMango _xEstadísticas _zColima. _970414 |
| 650 | 1 | 4 |
_aPlátano _xEstadísticas _zColima. _989235 |
| 901 | _aBK | ||
| 905 | _aLilia Sánchez G. | ||
| 942 | _cLIBRO | ||
| 949 |
_a634.83 I5 Col. _bBC _cINEGI _d33724000711198 _eINEGI _fc.3 _gI.c/e _h95204 _i88379 _sb _t20.00 |
||
| 949 |
_a634.83 I5 Col. _bBC _cINEGI _d33724000719670 _eINEGI _fc.2 _gI.c/e _h94990 _i88379 _sb |
||
| 949 |
_a634.83 I5 Col. _bBC _cINEGI _d33724000719753 _eINEGI _gI.c/e _h94989 _i88379 _sb |
||
| 949 |
_a634.83 I5 Col. _bBC _cINEGI _d33724000835310 _eINEGI _fc.5 _gDonaciØn _h100351 _i88379 _si |
||
| 949 |
_a634.83 I5 Col. _bBC _cINEGI _d33724000835377 _eINEGI _fc.4 _gDonaciØn _h100350 _i88379 _si |
||
| 999 |
_c77476 _d77476 |
||